Datum a čas kvízu
31.5
Celkem bodů
Celkový počet nahraných bodů na tomto kvízu bez doplňovacích otázek.
3.
Pořadí na kvízu
Konečné umístění týmu na tomto kvízu.
Zaznamenané odpovědi
| # | Otázka | Odpověď | Body | Výsledky |
|---|---|---|---|---|
| 1. | Ministr práce a sociálních věc... | o 1 600 Kč | 1 | |
| 2. | V pátek mnoha médii proběhla z... | z Vietnamu | 0 | |
| 3. | Který anglický hudebník a býva... | Peter Gabriel | 0 | |
| 4. | Ve středu pravomocně zrušil Mě... | proti dopravním přestupkům | 1 | |
| 5. | Celkem kolik bodů si připsaly... | 9 bodů | 1 | |
| 6. | Když české divadlo, tak hned n... | 1881, 1883 | 0 | |
| 7. | V roce 1786 vzniklo kvůli zájm... | Bouda | 1 | |
| 8. | V 80. letech minulého století... | Jaromír Hanzlík, Cyrano z Bergeracu | 0.5 | |
| 9. | V této otázce po vás budeme ch... | 1B 2A 3C 4D | 0 | |
| 10. | Činoherní klub v Praze je z hl... | Ondřej Sokol | 0 |